Gemeinden im Enzkreis - Statistiken

Allgemein
  • Dieses Quiz wurde 158 mal gespielt
  • Das Durchschnittsergebnis liegt bei 16 aus 28
Antwortstatistiken
% Korrekt
Mühlacker
85%
Niefern-Öschelbronn
79%
Birkenfeld
71%
Wurmberg
70%
Maulbronn
68%
Wiernsheim
67%
Ispringen
62%
Wimsheim
62%
Illingen
61%
Keltern
59%
Remchingen
59%
Heimsheim
58%
Neuenbürg
58%
Straubenhardt
58%
Friolzheim
56%
Neuhausen
56%
Königsbach-Stein
55%
Ölbronn-Dürrn
55%
Ötisheim
55%
Mönsheim
53%
Tiefenbronn
53%
Eisingen
52%
Kieselbronn
52%
Sternenfels
52%
Kämpfelbach
50%
Neulingen
50%
Knittlingen
45%
Engelsbrand
39%
Keine übereinstimmenden Quizze gefunden
Verteilung der Resultate
Anzahl Personen mit jedem Resultat
Perzentil nach korrekt beantworteten Fragen
Ihre Resultats-Entwicklung
Sie haben dieses Quiz noch nicht gespielt